Plus ou moins d'1 tonne? - Mort Subite - Statistiques

Statistiques générales
  • Ce quiz a été pris 270 fois
  • Le résultat moyen est 3 sur 10
Answers on the Grid
Answers color-coded by a green-red scale on the quiz's grid according to % correct below.
Gorille adulte
Hippopotame
Orque
Zèbre adulte
Jet ski
Les 2 humains les plus lourds
Conteneur vide de 6 mètres
Ours polaire
Caddie de golf électrique
10.000.000 d'allumettes
Bloc de glace d'1 m³
Squelette de baleine
Cheval de trait
Twingo 1
Moteur d'avion léger
Piano à queue standard
Lit médicalisé équipement complet
Hélicoptère léger de loisir
40 fromages Comté
Statue de marbre taille humaine
 
Statistiques - réponses
Réponse % Correct
Hippopotame
69%
Orque
61%
Conteneur vide de 6 mètres
31%
Squelette de baleine
30%
Hélicoptère léger de loisir
23%
Les 2 humains les plus lourds
23%
Moteur d'avion léger
14%
10.000.000 d'allumettes
13%
40 fromages Comté
12%
Cheval de trait
11%
Aucun quiz correspondant
Distribution des résultats
% des personnes avec chaque résultat
Percentile par nombre de réponses
Votre historique - résultats
Vous n’avez pas pris ce quiz